[Event "Euskadi ch"]
[Site "Zornotza"]
[Date "2012.04.15"]
[Round "7"]
[White "Uriarte Prieto, Goyo"]
[Black "Martinez Pelaez, David"]
[Result "0-1"]
[WhiteElo "2039"]
[BlackElo "1987"]

1.e4 d5 2.exd5 Qxd5 3.Nf3 Nf6 4.Be2 Bf5 5.d4 e6 6.O-O c6 7.c4 Qd8 8.Nc3 
Be7 9.Bf4 O-O 10.Qb3 Qb6 11.Qxb6 axb6 12.a3 Na6 13.Rfe1 Rfd8 14.Rad1 Bd6 
15.Bg5 Nc7 16.Nh4 Bg6 17.Nxg6 hxg6 18.Bf3 Rd7 19.Bxf6 gxf6 20.c5 Bf8 21.
cxb6 Ne8 22.Ne4 Ra5 23.b4 Rxa3 24.h3 Bxb4 25.Re2 f5 26.Ng5 Be7 27.Nxe6 
fxe6 28.Rxe6 Kf7 29.Rde1 Ng7 30.R6e2 Bf6 31.Rb1 Rc3 32.Ra2 Bxd4 33.Kf1 Ne6
34.Bd1 Kf6 35.g3 Bxb6 36.Be2 Bc5 37.h4 Nd4 38.Rd2 Re7 39.Bd1 Nf3 40.Bxf3 
Rxf3 41.Kg2 Rc3 42.Rh1 Rc4 43.h5 gxh5 44.Rxh5 Rce4 45.Rd8 Rf7 46.f4 Rg7 
47.Rd3 Rd4 48.Rb3 b6 49.Rh3 Rg6 50.Kf3 Rc4 51.Rh1 Bb4 52.Kf2 c5 53.Rd1 
Rc2+ 54.Kf1 Rc3 55.Rb2 Rcxg3 0-1